Estadísticas para Países que no se llaman como los llamamos

Haz click aquí para intentar la prueba.

Estadísticas generales

  • Esta prueba ha sido intentada 41 veces
  • La puntuación promedio es 6 de 12

Estadísticas de respuestas

Nombre OficialNombre Castellanizado% Correcto
DeutschlandAlemania
100%
HelvetiaSuiza
70%
ZhōnghuáChina
63%
SuomiFinlandia
60%
MagyarországHungría
60%
BharatIndia
60%
ElládaGrecia
50%
al-Mamlaka al-MaġribiyyaMarruecos
45%
ShqipëriaAlbania
35%
SakartveloGeorgia
30%
MirsEgipto
28%
HayastaniArmenia
25%

Distribución de puntuación

Porcentaje por número respondido

Porcentaje de gente con cada puntuación

Historial de tus puntuaciones

No has intentado esta prueba.